[Event "TCh-TUR Super League 2023"]
[Site "Ankara TUR"]
[Date "2023.07.15"]
[Round "6.6"]
[Board "2"]
[White "Erdogmus, Yagiz Kaan"]
[Black "Kadric, Denis"]
[Result "0-1"]
[WhiteTitle "IM"]
[BlackTitle "GM"]
[WhiteElo "2483"]
[BlackElo "2601"]
[WhiteTeam "BURSA BUYUKSEHIR BELEDIYE SPOR KULUBU"]
[BlackTeam "DARUSSAFAKA"]
[WhiteFideId "44599790"]
[BlackFideId "14403803"]
[EventDate "2023.07.10"]

1. d4 d6 2. c4 e5 3. Nf3 e4 4. Ng5 f5 5. Nc3 Be7 6. h4 c6 7. Bf4 Nf6 8. e3 Na6
9. Be2 Nc7 10. d5 O-O 11. Nh3 cxd5 12. cxd5 b5 13. Bg3 b4 14. Nb5 Nxb5 15. Bxb5
Qa5 16. Qa4 Qxa4 17. Bxa4 Bd7 18. Bxd7 Nxd7 19. Ke2 Rfc8 20. Rac1 Nb6 21. Nf4
Bf6 22. b3 Bb2 23. Rc6 Rxc6 24. dxc6 Rc8 25. Rb1 Bc3 26. Rc1 Rxc6 27. Ne6 Nc8
28. f3 Ne7 29. fxe4 fxe4 30. Be1 Bxe1 31. Rxc6 Nxc6 32. Kxe1 h6 33. Nc7 Kf7 34.
Kf2 Ke7 35. Kg3 Kd7 36. Nd5 Ke6 37. Nf4+ Kf5 38. h5 Ne7 39. Kh3 Ke5 40. Kg3 d5
41. Kg4 a6 42. g3 a5 0-1

[Event "TCh-TUR Super League 2023"]
[Site "Ankara TUR"]
[Date "2023.07.15"]
[Round "6.6"]
[Board "3"]
[White "Aghamaliyev, Cemil"]
[Black "Haznedaroglu, Kivanc"]
[Result "1-0"]
[WhiteTitle "GM"]
[BlackTitle "GM"]
[WhiteElo "2482"]
[BlackElo "2408"]
[WhiteTeam "DARUSSAFAKA"]
[BlackTeam "BURSA BUYUKSEHIR BELEDIYE SPOR KULUBU"]
[WhiteFideId "13400215"]
[BlackFideId "6300634"]
[EventDate "2023.07.10"]

1. e4 c5 2. Nf3 e6 3. c3 Nf6 4. Bd3 d5 5. e5 Nfd7 6. Bc2 Nc6 7. d4 Be7 8. O-O b6
9. Re1 Ba6 10. a3 Rc8 11. Be3 Qc7 12. Bd3 Bxd3 13. Qxd3 c4 14. Qe2 b5 15. h4 Nb6
16. h5 Kd7 17. Nh2 Rcf8 18. Nd2 Na4 19. Ndf1 Kc8 20. f4 Na5 21. Qc2 Qd7 22. Rad1
a6 23. Bf2 Kb7 24. Nf3 Nc6 25. Ne3 Bd8 26. Bh4 h6 27. Bxd8 Qxd8 28. Rd2 Nb6 29.
f5 Re8 30. Rf2 Rhf8 31. Ref1 Nd7 32. a4 Qb6 33. axb5 axb5 34. b3 Kc7 35. Rb1
Ndxe5 36. bxc4 Nxc4 37. Nxc4 dxc4 38. Qe4 Rd8 39. Qf4+ Kc8 40. Rfb2 b4 41. Rxb4
Nxb4 42. Rxb4 Qd6 43. Ne5 f6 44. Qe4 Qxb4 45. cxb4 fxe5 46. fxe6 Rfe8 47. Qc6+
Kb8 48. d5 Rc8 49. Qb6+ Ka8 50. d6 c3 51. Qa5+ Kb7 52. Qb5+ Ka7 53. d7 c2 54.
Qa4+ Kb6 55. Qxc2 1-0

[Event "TCh-TUR Super League 2023"]
[Site "Ankara TUR"]
[Date "2023.07.15"]
[Round "6.6"]
[Board "4"]
[White "Eren, Ataberk"]
[Black "Arat, Ufuk Sezen"]
[Result "1/2-1/2"]
[WhiteTitle "FM"]
[BlackTitle "IM"]
[WhiteElo "2324"]
[BlackElo "2389"]
[WhiteTeam "BURSA BUYUKSEHIR BELEDIYE SPOR KULUBU"]
[BlackTeam "DARUSSAFAKA"]
[WhiteFideId "6349765"]
[BlackFideId "6309089"]
[EventDate "2023.07.10"]

1. d4 d5 2. c4 dxc4 3. Nf3 Nf6 4. e3 e6 5. Bxc4 c5 6. O-O a6 7. b3 cxd4 8. Nxd4
Be7 9. Bb2 Bd7 10. Nd2 Nc6 11. N2f3 O-O 12. Rc1 Rc8 13. Be2 Qa5 14. a3 Nxd4 15.
Nxd4 Rxc1 16. Qxc1 Rc8 17. Qa1 Ne4 18. b4 Qd8 19. Rd1 Qe8 20. Nf3 f6 21. Bd3 Nd6
22. Qa2 Kh8 23. Qb1 Qh5 24. Rc1 Rxc1+ 25. Qxc1 Qd5 26. Qc2 e5 27. e4 Qc6 28. Nd2
Bd8 29. Kf1 Kg8 30. Nc4 b5 31. Nxd6 Qxd6 32. Qd1 Be6 33. Bc2 Bc4+ 34. Ke1 Qxd1+
35. Bxd1 a5 36. Be2 Bxe2 37. Kxe2 a4 38. Bc1 Kf7 39. Be3 Ke6 40. Kd3 h5 41. h3
g6 42. f3 f5 43. g3 Bf6 44. Bd2 Be7 45. Bc1 Bd8 46. Be3 Bc7 47. Bf2 Kf6 48. Bc5
Bb8 49. Ke2 Ke6 50. Kd3 Bc7 51. Bf2 Bd6 52. Be1 Be7 53. Bd2 Bf8 54. Bc1 Kf6 55.
Be3 Bg7 56. g4 hxg4 57. hxg4 Ke6 58. g5 Bf8 59. Bf2 Be7 60. Bh4 Bd8 61. Kc2 Bb6
62. Kd3 Bd4 63. Kc2 Be3 64. Kb1 Bf4 65. Kc2 Kd7 66. Kd1 Kd6 67. Kc2 Ke6 68. Kd1
Bh2 69. Bf2 Bf4 70. Bh4 Be3 71. Kc2 Bd4 72. Be1 Bb6 73. Bh4 Be3 74. Kd1 Bf4 75.
Kc2 Be3 1/2-1/2

[Event "TCh-TUR Super League 2023"]
[Site "Ankara TUR"]
[Date "2023.07.15"]
[Round "6.6"]
[Board "5"]
[White "Fataliyeva, Ulviyya"]
[Black "Aydin, Gulenay"]
[Result "1/2-1/2"]
[WhiteTitle "IM"]
[BlackTitle "WFM"]
[WhiteElo "2401"]
[BlackElo "2145"]
[WhiteTeam "DARUSSAFAKA"]
[BlackTeam "BURSA BUYUKSEHIR BELEDIYE SPOR KULUBU"]
[WhiteFideId "13403052"]
[BlackFideId "34557431"]
[EventDate "2023.07.10"]

1. d4 Nf6 2. Nf3 g6 3. g3 Bg7 4. Bg2 O-O 5. O-O d6 6. Re1 Nbd7 7. e4 e5 8. Nc3
Re8 9. a4 c6 10. h3 Qc7 11. a5 exd4 12. Nxd4 Nf8 13. Bf4 Nh5 14. Be3 Bd7 15. g4
Nf6 16. Qd3 b5 17. axb6 axb6 18. Bf4 Rxa1 19. Rxa1 Rd8 20. Nce2 b5 21. Ra6 Ne6
22. Nxe6 Bxe6 23. Nd4 Bd7 24. c4 bxc4 25. Qxc4 Rc8 26. Nf3 Be6 27. Qa4 Nd7 28.
b4 Ne5 29. Ng5 Bc4 30. Ra7 Qd8 31. Be3 h6 32. Nf3 Nxf3+ 33. Bxf3 d5 34. Bc5 dxe4
35. Bxe4 Bd5 36. Qc2 Ra8 37. Rxa8 Qxa8 38. Bxd5 cxd5 39. b5 d4 40. Bd6 Qa5 41.
Qd3 Qe1+ 42. Kg2 Qe6 43. Bf4 Qd5+ 44. Kf1 Bf8 45. Ke2 Qe6+ 46. Kd1 Qa2 47. Bd2
Qd5 48. Bc1 h5 49. Bb2 hxg4 50. hxg4 Bc5 51. f3 Qa2 52. Kc1 Qa4 53. Kb1 Qb4 54.
f4 Qe1+ 55. Ka2 Qe6+ 56. Qb3 Qxg4 57. b6 Qe6 58. Qxe6 1/2-1/2

[Event "TCh-TUR Super League 2023"]
[Site "Ankara TUR"]
[Date "2023.07.15"]
[Round "6.6"]
[Board "6"]
[White "Babazada, Khazar"]
[Black "Isik, Alparslan"]
[Result "1/2-1/2"]
[WhiteTitle "IM"]
[BlackTitle "IM"]
[WhiteElo "2460"]
[BlackElo "2478"]
[WhiteTeam "BURSA BUYUKSEHIR BELEDIYE SPOR KULUBU"]
[BlackTeam "DARUSSAFAKA"]
[WhiteFideId "13413554"]
[BlackFideId "34506896"]
[EventDate "2023.07.10"]

1. e4 e5 2. Nf3 Nf6 3. Nxe5 d6 4. Nf3 Nxe4 5. Nc3 Nxc3 6. dxc3 Be7 7. Bf4 Nc6 8.
Qd2 Be6 9. Bb5 a6 10. Ba4 O-O 11. O-O Bf6 12. Rfe1 b5 13. Bb3 Qd7 14. Bg5 Bxg5
15. Nxg5 Rae8 16. Nxe6 fxe6 17. a4 Na5 18. Ba2 Nc4 19. Bxc4 bxc4 20. b4 cxb3 21.
cxb3 Qc6 22. Re3 e5 23. Rd1 Rf4 24. c4 Ref8 25. f3 Rd4 26. Rd3 Rdf4 27. Re3 Rd4
28. Rd3 Rdf4 29. Re3 Rd4 30. Rd3 Rdf4 1/2-1/2

[Event "TCh-TUR Super League 2023"]
[Site "Ankara TUR"]
[Date "2023.07.16"]
[Round "7.1"]
[Board "1"]
[White "Mendonca, Leon Luke"]
[Black "Sychev, Klementy"]
[Result "0-1"]
[WhiteTitle "GM"]
[BlackTitle "GM"]
[WhiteElo "2627"]
[BlackElo "2540"]
[WhiteTeam "BURSA BUYUKSEHIR BELEDIYE SPOR KULUBU"]
[BlackTeam "TAS DUVAR"]
[WhiteFideId "35028561"]
[BlackFideId "4114060"]
[EventDate "2023.07.10"]

1. d4 d5 2. Nf3 Nf6 3. e3 c5 4. Be2 Nc6 5. c3 e6 6. O-O Bd6 7. dxc5 Bxc5 8. b4
Bd6 9. b5 Na5 10. Nbd2 e5 11. c4 e4 12. Nd4 Nxc4 13. Nxc4 dxc4 14. Qa4 Qe7 15.
Bb2 h5 16. b6+ Bd7 17. Nb5 Ng4 18. g3 O-O 19. Qxc4 Rac8 20. Qd5 Bxb5 21. Qxb5
Rc5 22. Qb3 Nxh2 23. Kxh2 h4 24. Kg2 hxg3 25. f4 exf3+ 26. Rxf3 Rh5 27. Rg1 Qe4
28. Qd1 Rh2+ 29. Kf1 Qxf3+ 30. Bxf3 Rf2+ 31. Ke1 Bb4+ 32. Qd2 Rxd2 33. Ba3 Rg2+
34. Bxb4 Rxg1+ 35. Ke2 axb6 0-1

[Event "TCh-TUR Super League 2023"]
[Site "Ankara TUR"]
[Date "2023.07.16"]
[Round "7.1"]
[Board "2"]
[White "Visakh, N R"]
[Black "Erdogmus, Yagiz Kaan"]
[Result "1/2-1/2"]
[WhiteTitle "GM"]
[BlackTitle "IM"]
[WhiteElo "2536"]
[BlackElo "2483"]
[WhiteTeam "TAS DUVAR"]
[BlackTeam "BURSA BUYUKSEHIR BELEDIYE SPOR KULUBU"]
[WhiteFideId "25012223"]
[BlackFideId "44599790"]
[EventDate "2023.07.10"]

1. Nf3 d5 2. e3 Nf6 3. c4 e6 4. Nc3 b6 5. b3 Bb7 6. Bb2 Nbd7 7. Rc1 a6 8. cxd5
exd5 9. Ne2 c5 10. g3 Bd6 11. Bg2 O-O 12. O-O b5 13. d4 c4 14. Ne5 Nb6 15. Bc3
Rb8 16. Ba5 Bc7 17. Nf4 Nbd7 18. Nxd7 Qxd7 19. Bxc7 Qxc7 20. Nd3 Nd7 21. b4 a5
22. a3 axb4 23. axb4 Ra8 24. Nc5 Nxc5 25. dxc5 Qe5 26. Ra1 Bc6 27. Qd4 Qxd4 28.
exd4 f6 29. Bh3 Kf7 30. Rfe1 Rfe8 1/2-1/2

[Event "TCh-TUR Super League 2023"]
[Site "Ankara TUR"]
[Date "2023.07.16"]
[Round "7.1"]
[Board "3"]
[White "Haznedaroglu, Kivanc"]
[Black "Samani, Yamac"]
[Result "1-0"]
[WhiteTitle "GM"]
[BlackTitle "FM"]
[WhiteElo "2408"]
[BlackElo "2375"]
[WhiteTeam "BURSA BUYUKSEHIR BELEDIYE SPOR KULUBU"]
[BlackTeam "TAS DUVAR"]
[WhiteFideId "6300634"]
[BlackFideId "6352634"]
[EventDate "2023.07.10"]

1. d4 d5 2. Nf3 Nf6 3. c4 dxc4 4. g3 Nc6 5. Bg2 e5 6. Qa4 e4 7. Ne5 Qxd4 8. Nxc6
Qd7 9. Bg5 Qxc6 10. Qxc6+ bxc6 11. Bxf6 gxf6 12. Bxe4 Bb4+ 13. Nc3 Bd7 14. O-O-O
O-O-O 15. e3 h5 16. h4 Kb7 17. Bf3 Bf5 18. Rxd8 Rxd8 19. Rd1 Rxd1+ 20. Bxd1 Bg6
21. Ne2 Be1 22. f4 Bd3 23. Nd4 Bxg3 24. Bxh5 Bxh4 25. Kd2 c5 26. Nb5 f5 27. Bxf7
Bf1 28. Be6 Bd3 29. Na3 Bf6 30. b3 Kc6 31. Bxc4 Bxc4 32. bxc4 Kb6 33. Kd3 Ka5
34. Nc2 Ka4 35. e4 fxe4+ 36. Kxe4 c6 37. Kf5 a5 38. Ke6 Bg5 39. f5 Bf6 40. Kd7
Bg5 41. Kxc6 Be7 42. Kd5 Bf8 43. f6 Be7 44. f7 Bf8 45. Ne1 Ka3 46. Nd3 Kxa2 47.
Nxc5 Kb2 48. Na4+ Ka3 49. c5 1-0

[Event "TCh-TUR Super League 2023"]
[Site "Ankara TUR"]
[Date "2023.07.16"]
[Round "7.1"]
[Board "4"]
[White "Karagollu, Ahmet"]
[Black "Eren, Ataberk"]
[Result "1/2-1/2"]
[BlackTitle "FM"]
[WhiteElo "2175"]
[BlackElo "2324"]
[WhiteTeam "TAS DUVAR"]
[BlackTeam "BURSA BUYUKSEHIR BELEDIYE SPOR KULUBU"]
[WhiteFideId "6307825"]
[BlackFideId "6349765"]
[EventDate "2023.07.10"]

1. e4 c6 2. Nf3 d5 3. Nc3 Bg4 4. d4 e6 5. h3 Bxf3 6. Qxf3 Nf6 7. Bg5 Be7 8.
O-O-O dxe4 9. Nxe4 Nxe4 10. Bxe7 Qxe7 11. Qxe4 Nd7 12. g4 Nf6 13. Qe5 h6 14. Bg2
O-O-O 15. Rhe1 Qc7 16. Qc5 Kb8 17. Re3 Nd5 18. Rb3 Rd6 19. Bxd5 Rxd5 20. Qc3
Rhd8 21. Qe3 c5 22. Rbd3 c4 23. R3d2 h5 24. Kb1 hxg4 25. hxg4 Rh8 26. Qf3 Rh4
27. c3 a6 28. Re2 Rh8 29. Ree1 Rhd8 30. Rh1 g6 31. Rhe1 R8d7 32. Rh1 Ka7 33.
Rhe1 Qc6 34. Re4 Qc7 35. Ree1 Qd8 36. Qe2 Qc7 37. Qf3 R7d6 38. Qe2 Rb6 39. Rd2
Rbd6 40. Rdd1 Rd8 41. Qe3 Qb6 42. f4 R8d7 43. Qf3 Qd8 44. Re5 Qf6 45. g5 Qd8 46.
Rde1 Qc7 47. Rxd5 Rxd5 48. Re5 Qd7 49. Qe4 Qa4 50. Qc2 Qc6 51. Qf2 Kb6 52. a3
Kc7 53. Ka2 b5 54. Qh2 Rxe5 55. fxe5 a5 56. Qf2 Qd7 57. Qf3 Kb8 58. Qf1 Ka7 59.
a4 b4 1/2-1/2

[Event "TCh-TUR Super League 2023"]
[Site "Ankara TUR"]
[Date "2023.07.16"]
[Round "7.1"]
[Board "5"]
[White "Aydin, Gulenay"]
[Black "Nurmanova, Alua"]
[Result "0-1"]
[WhiteTitle "WFM"]
[BlackTitle "WIM"]
[WhiteElo "2145"]
[BlackElo "2183"]
[WhiteTeam "BURSA BUYUKSEHIR BELEDIYE SPOR KULUBU"]
[BlackTeam "TAS DUVAR"]
[WhiteFideId "34557431"]
[BlackFideId "13729390"]
[EventDate "2023.07.10"]

1. e4 c5 2. Nf3 d6 3. d4 cxd4 4. Nxd4 Nf6 5. Nc3 a6 6. a3 Nc6 7. Be2 e5 8. Nb3
Be6 9. Be3 Be7 10. Nd5 Bxd5 11. exd5 Nb8 12. O-O Nbd7 13. c4 a5 14. Nd2 a4 15.
Bd3 O-O 16. Nb1 Qa5 17. Nc3 Rfc8 18. Rc1 Bf8 19. Re1 g6 20. Be2 Nc5 21. Bxc5
Rxc5 22. h4 h5 23. Rb1 Qa7 24. Qd3 Bh6 25. b4 axb3 26. Rxb3 Ra5 27. Reb1 Rb8 28.
Qf3 Kg7 29. Nb5 Qc5 30. Qc3 Ne4 31. Qxa5 Qxf2+ 32. Kh1 Qxh4+ 33. Kg1 Qf2+ 34.
Kh1 Qxe2 35. Qe1 Qg4 36. R1b2 Bf4 37. Rf3 Bg3 38. Rxg3 Nxg3+ 39. Kg1 Nf5 40. Rb4
Nd4 41. Qf2 Nxb5 0-1

[Event "TCh-TUR Super League 2023"]
[Site "Ankara TUR"]
[Date "2023.07.16"]
[Round "7.1"]
[Board "6"]
[White "Tarlabasi, Emirhan"]
[Black "Babazada, Khazar"]
[Result "1-0"]
[WhiteTitle "FM"]
[BlackTitle "IM"]
[WhiteElo "2301"]
[BlackElo "2460"]
[WhiteTeam "TAS DUVAR"]
[BlackTeam "BURSA BUYUKSEHIR BELEDIYE SPOR KULUBU"]
[WhiteFideId "6350275"]
[BlackFideId "13413554"]
[EventDate "2023.07.10"]

1. d4 Nf6 2. c4 g6 3. Nc3 Bg7 4. e4 d6 5. f4 O-O 6. Nf3 c5 7. d5 e6 8. Be2 exd5
9. cxd5 b5 10. e5 dxe5 11. fxe5 Ng4 12. Bg5 Qb6 13. O-O Nd7 14. e6 fxe6 15. dxe6
Qxe6 16. Nxb5 c4 17. Nfd4 Qd5 18. Qd2 Rxf1+ 19. Rxf1 Nde5 20. Nc7 Qc5 21. Nxa8
Nd3 22. Bxg4 Bxd4+ 23. Kh1 Bxg4 24. Bh6 Bf5 25. Qg5 Kf7 26. Qd8 Bf6 27. Qc7+
Qxc7 28. Nxc7 Be5 29. g4 Bxc7 30. gxf5 gxf5 31. b3 f4 32. bxc4 Kg6 33. Rf3 Ne5
34. Bxf4 Nxf3 35. Bxc7 Kf5 36. Kg2 Nd2 37. c5 Ke6 38. c6 Ne4 39. Ba5 Kd6 40. Kf3
Nc5 41. c7 Kd7 42. Kf4 Nb7 43. Bc3 Kxc7 44. Kg5 Nc5 45. Kh6 Ne4 46. Be5+ Kd7 47.
Bb8 Nf6 48. Kg7 Ng4 49. h3 Nf2 50. h4 h5 51. Kg6 Ke6 52. Kxh5 Kf5 53. Bxa7 Ng4
54. Bb8 Ne3 55. a4 1-0

[Event "TCh-TUR Super League 2023"]
[Site "Ankara TUR"]
[Date "2023.07.16"]
[Round "7.2"]
[Board "1"]
[White "Sanal, Vahap"]
[Black "Abasov, Nijat"]
[Result "1/2-1/2"]
[WhiteTitle "GM"]
[BlackTitle "GM"]
[WhiteElo "2585"]
[BlackElo "2632"]
[WhiteTeam "GOKTURK"]
[BlackTeam "DARUSSAFAKA"]
[WhiteFideId "6300545"]
[BlackFideId "13402960"]
[EventDate "2023.07.10"]

1. e4 c6 2. d4 d5 3. e5 c5 4. dxc5 e6 5. Bd3 Nd7 6. Nf3 Nxc5 7. Be3 Bd7 8. O-O
Nxd3 9. cxd3 Ne7 10. Bc5 Ng6 11. Bxf8 Nxf8 12. Nc3 Ng6 13. d4 O-O 14. Qd2 Qe7
15. Rfe1 Rfc8 16. g3 Rc7 17. h4 Nf8 18. Kg2 Rac8 19. Rec1 Be8 20. a4 a6 21. a5
Rc6 22. Ne1 f6 23. Nd3 Nd7 24. Re1 Bg6 25. exf6 Qxf6 26. Ne5 Nxe5 27. Rxe5 Rxc3
28. bxc3 Be4+ 29. Rxe4 dxe4 30. Qe3 Qf5 31. Rb1 Qxa5 32. Qxe4 Qd5 33. Qxd5 exd5
34. Rxb7 Rxc3 35. Rd7 a5 36. Rxd5 a4 37. Ra5 a3 38. Ra7 Rd3 39. h5 h6 40. Kh3
Rxd4 41. Rxa3 Kf7 42. Rf3+ Ke6 43. g4 Ra4 44. Kg3 Rb4 45. Rf5 Ra4 46. f3 Rb4 47.
Rf8 Ra4 48. Rf4 Ra3 49. Rb4 Kf6 50. Rb6+ Kf7 51. Rd6 Ra4 52. Rd3 Kf6 53. Kf2 Ra6
54. Rd4 Ra2+ 55. Kg3 Ra6 56. Rc4 Rb6 57. Ra4 Rc6 58. Kh4 Rc1 59. Ra6+ Kf7 60.
Ra5 Rc4 61. Kg3 Rb4 62. Ra3 Kf6 63. f4 Rb6 64. Ra4 Rb3+ 65. Kh4 Rf3 66. Rb4 Rf1
67. Rb6+ Kf7 68. Kg3 Ra1 69. Rb3 Kf6 70. Kf2 Rc1 71. Rb6+ Kf7 72. Rb5 Rc3 73.
Kg2 Ra3 74. g5 hxg5 75. fxg5 g6 76. h6 Kg8 77. Rb8+ Kh7 78. Rb4 Ra5 79. Rg4 Rb5
80. Kh3 Ra5 81. Kh4 Ra1 82. Rd4 Rh1+ 83. Kg4 Rg1+ 84. Kf4 Rf1+ 85. Ke4 Re1+ 86.
Kf3 Rf1+ 87. Kg2 Rf5 88. Rg4 Ra5 89. Kh3 Ra3+ 90. Kh4 Ra1 1/2-1/2

[Event "TCh-TUR Super League 2023"]
[Site "Ankara TUR"]
[Date "2023.07.16"]
[Round "7.2"]
[Board "2"]
[White "Kadric, Denis"]
[Black "Yilmaz, Mustafa"]
[Result "1/2-1/2"]
[WhiteTitle "GM"]
[BlackTitle "GM"]
[WhiteElo "2601"]
[BlackElo "2639"]
[WhiteTeam "DARUSSAFAKA"]
[BlackTeam "GOKTURK"]
[WhiteFideId "14403803"]
[BlackFideId "6302718"]
[EventDate "2023.07.10"]

1. e4 c5 2. Nf3 d6 3. d4 cxd4 4. Nxd4 Nf6 5. Nc3 a6 6. f4 e5 7. Nb3 Be7 8. fxe5
dxe5 9. Qxd8+ Bxd8 10. Be3 Nbd7 11. Be2 b6 12. g4 Bb7 13. Bf3 h6 14. O-O-O b5
15. h4 b4 16. Nd5 Nxd5 17. exd5 a5 18. g5 Bb6 19. Bxb6 Nxb6 20. Rhe1 Nd7 21. Bg4
hxg5 22. hxg5 f6 23. Bxd7+ Kxd7 24. Nc5+ Kc7 25. Rf1 Kb6 26. Nxb7 Kxb7 27. gxf6
gxf6 28. Rxf6 Rac8 29. Rg1 Rc7 30. d6 Rd7 31. Re6 Rh5 32. Re1 Kb6 33. Re4 Rh1+
34. Kd2 Ra1 35. b3 Rxa2 36. R4xe5 Kc6 37. Kc1 a4 38. bxa4 Rxa4 39. Kb2 Rxd6 40.
Kb3 Ra1 41. Kxb4 1/2-1/2

[Event "TCh-TUR Super League 2023"]
[Site "Ankara TUR"]
[Date "2023.07.16"]
[Round "7.2"]
[Board "3"]
[White "Can, Emre"]
[Black "Aghamaliyev, Cemil"]
[Result "1/2-1/2"]
[WhiteTitle "GM"]
[BlackTitle "GM"]
[WhiteElo "2570"]
[BlackElo "2482"]
[WhiteTeam "GOKTURK"]
[BlackTeam "DARUSSAFAKA"]
[WhiteFideId "6302181"]
[BlackFideId "13400215"]
[EventDate "2023.07.10"]

1. d4 Nf6 2. c4 c5 3. d5 b5 4. cxb5 a6 5. bxa6 Bxa6 6. Nc3 d6 7. e4 Bxf1 8. Kxf1
Nbd7 9. Nf3 g6 10. g3 Bg7 11. Kg2 O-O 12. Qe2 Qa5 13. Bd2 Rfb8 14. b3 Qa6 15.
Qxa6 Rxa6 16. Rab1 Ne8 17. a4 Nc7 18. Na2 f5 19. exf5 gxf5 20. Nh4 Rf8 21. Nc3
Nb6 22. Rhe1 Nbxd5 23. Nxd5 Nxd5 24. Rbd1 Ra7 25. Bg5 Nc3 26. Rd3 Ne4 27. Bc1
Bd4 28. f3 Nc3 29. Bb2 Nb5 30. Bc1 Nc3 31. Bb2 Nb5 32. Bc1 1/2-1/2

[Event "TCh-TUR Super League 2023"]
[Site "Ankara TUR"]
[Date "2023.07.16"]
[Round "7.2"]
[Board "4"]
[White "Arat, Ufuk Sezen"]
[Black "Gokerkan, Cem Kaan"]
[Result "0-1"]
[WhiteTitle "IM"]
[BlackTitle "IM"]
[WhiteElo "2389"]
[BlackElo "2516"]
[WhiteTeam "DARUSSAFAKA"]
[BlackTeam "GOKTURK"]
[WhiteFideId "6309089"]
[BlackFideId "6336760"]
[EventDate "2023.07.10"]

1. c4 c5 2. Nf3 Nf6 3. Nc3 Nc6 4. e3 e6 5. Be2 d5 6. cxd5 exd5 7. d4 cxd4 8.
Nxd4 Bd6 9. O-O O-O 10. Nxc6 bxc6 11. b3 Qe7 12. Bb2 Qe5 13. g3 Bh3 14. Re1 Qg5
15. e4 Rad8 16. exd5 cxd5 17. Bf3 d4 18. Ne4 Nxe4 19. Rxe4 d3 20. Rh4 Bf5 21.
Be4 Rfe8 22. Rh5 Qxh5 23. Qxh5 Bxe4 24. Qg5 Bf8 25. Bc3 h6 26. Qd2 Bf3 27. Re1
Be2 28. b4 Rc8 29. Rb1 Red8 30. Rb3 Rc4 31. Kg2 Rd5 32. a3 Be7 33. Qe3 Rd7 34.
Qe5 Bf8 35. Bd2 Rc2 36. Rb2 Rc8 37. a4 Be7 38. Qf5 Rdd8 39. b5 Rc5 40. Qe4 Bf6
41. Ra2 g5 42. h3 h5 43. Ba5 Rd4 44. Qa8+ Kg7 45. Qxa7 Rc2 46. Bb6 d2 47. Rxc2
d1=Q 48. Rxe2 Qxe2 49. Bxd4 Qe4+ 50. f3 Qxd4 51. Qxd4 Bxd4 52. h4 gxh4 53. gxh4
Kf6 54. a5 Ke5 55. Kg3 Bc3 56. a6 Bd4 0-1

[Event "TCh-TUR Super League 2023"]
[Site "Ankara TUR"]
[Date "2023.07.16"]
[Round "7.2"]
[Board "5"]
[White "Ozturk Orenli, Kubra"]
[Black "Fataliyeva, Ulviyya"]
[Result "1/2-1/2"]
[WhiteTitle "WGM"]
[BlackTitle "IM"]
[WhiteElo "2319"]
[BlackElo "2401"]
[WhiteTeam "GOKTURK"]
[BlackTeam "DARUSSAFAKA"]
[WhiteFideId "6302599"]
[BlackFideId "13403052"]
[EventDate "2023.07.10"]

1. d4 Nf6 2. c4 e6 3. Nc3 Bb4 4. Qc2 O-O 5. a3 Bxc3+ 6. Qxc3 d5 7. Bf4 b6 8. Nf3
Bb7 9. e3 Nbd7 10. Be2 Rc8 11. O-O h6 12. Rac1 Qe7 13. c5 Ne4 14. Qb4 a5 15. Qb3
e5 16. Bxe5 Nxe5 17. Nxe5 Nd2 18. Qc3 Nxf1 19. c6 Ba8 20. Bxf1 Rfe8 21. b4 axb4
22. axb4 b5 23. Nd7 Qg5 24. Bxb5 Re6 25. g3 Rce8 26. Ne5 h5 27. h4 Qh6 28. Nd3
g5 29. hxg5 Qxg5 30. Kf1 h4 31. gxh4 Qxh4 32. Ke2 Qh2 33. Kd1 Rxe3 34. fxe3 Rxe3
35. Qd2 Qh5+ 36. Kc2 Re2 37. Ne5 Qf5+ 38. Nd3 Rxd2+ 39. Kxd2 Qf6 40. Ke3 Qg5+
41. Ke2 Qg4+ 42. Kd2 Qxd4 43. Rc2 Qe4 44. Kc1 d4 45. Rc5 Qg2 46. Kb1 Kf8 47. Nb2
Qe4+ 48. Ka2 Qe6+ 49. Ka3 Ke7 50. Nd3 Kd6 51. Bc4 Qe3 52. b5 Qd2 53. Rd5+ Ke7
54. Rd7+ Ke8 55. Bxf7+ Kf8 56. Nb4 Qc1+ 57. Kb3 Qd1+ 58. Ka3 Qc1+ 59. Kb3 Qb1+
60. Ka3 d3 61. Bb3 Qc1+ 62. Ka2 d2 63. Rd8+ Kg7 64. Na6 Bxc6 65. bxc6 Qxc6 66.
Nb4 Qc3 67. Nc2 c5 68. Na3 Qa5 69. Rd7+ Kf6 1/2-1/2

[Event "TCh-TUR Super League 2023"]
[Site "Ankara TUR"]
[Date "2023.07.16"]
[Round "7.3"]
[Board "2"]
[White "Daneshvar, Bardiya"]
[Black "Vidit, Santosh Gujrathi"]
[Result "1/2-1/2"]
[WhiteTitle "GM"]
[BlackTitle "GM"]
[WhiteElo "2577"]
[BlackElo "2719"]
[WhiteTeam "KARAMAN FUTBOL KULUBU"]
[BlackTeam "TURK HAVA YOLLARI"]
[WhiteFideId "12576468"]
[BlackFideId "5029465"]
[EventDate "2023.07.10"]

1. Nf3 Nf6 2. c4 c5 3. Nc3 Nc6 4. g3 e6 5. Bg2 d5 6. cxd5 exd5 7. d4 cxd4 8.
Nxd4 Bc5 9. Nb3 Bb6 10. O-O d4 11. Na4 O-O 12. Bg5 h6 13. Nxb6 axb6 14. Bxc6
bxc6 15. Bxf6 Qxf6 16. Qxd4 Rd8 17. Qxf6 gxf6 18. Rad1 Rxd1 19. Rxd1 Be6 20. Nc1
Bxa2 21. Nxa2 Rxa2 22. Rd6 Rxb2 23. Rxc6 Kg7 24. Kg2 Rxe2 25. Rxb6 Ra2 26. h4
Rc2 27. Rb5 Ra2 28. Rb6 Rd2 29. Rb1 Rd3 30. Ra1 Rb3 31. Ra2 1/2-1/2

[Event "TCh-TUR Super League 2023"]
[Site "Ankara TUR"]
[Date "2023.07.16"]
[Round "7.3"]
[Board "3"]
[White "Yilmazyerli, Mert"]
[Black "Aydincelebi, Kagan"]
[Result "0-1"]
[WhiteTitle "GM"]
[BlackTitle "FM"]
[WhiteElo "2542"]
[BlackElo "2280"]
[WhiteTeam "TURK HAVA YOLLARI"]
[BlackTeam "KARAMAN FUTBOL KULUBU"]
[WhiteFideId "6305962"]
[BlackFideId "6361102"]
[EventDate "2023.07.10"]

1. e4 c5 2. Nf3 Nc6 3. d4 cxd4 4. Nxd4 e5 5. Nb5 d6 6. N1c3 a6 7. Na3 Be6 8. Nd5
Bxd5 9. exd5 Nce7 10. c4 Nf6 11. Bg5 Nd7 12. Qa4 h6 13. Bd2 Nf5 14. Nc2 Be7 15.
Bd3 Nh4 16. Ne3 O-O 17. Qd1 f5 18. g3 e4 19. Be2 f4 20. gxh4 Bxh4 21. O-O f3 22.
Bc3 Bf6 23. Bxf6 Qxf6 24. Bxf3 exf3 25. Kh1 Rae8 26. Qd2 Nc5 27. Rg1 Ne4 28. Qc2
Qh4 29. Raf1 Rf4 30. Rg6 Qh5 0-1

[Event "TCh-TUR Super League 2023"]
[Site "Ankara TUR"]
[Date "2023.07.16"]
[Round "7.3"]
[Board "4"]
[White "Makaraci, Tunahan"]
[Black "Can, Isik"]
[Result "0-1"]
[BlackTitle "IM"]
[WhiteElo "2296"]
[BlackElo "2512"]
[WhiteTeam "KARAMAN FUTBOL KULUBU"]
[BlackTeam "TURK HAVA YOLLARI"]
[WhiteFideId "6356559"]
[BlackFideId "6383742"]
[EventDate "2023.07.10"]

1. e4 c6 2. d4 d5 3. exd5 cxd5 4. c4 Nf6 5. Nc3 Nc6 6. Nf3 a6 7. h3 g6 8. Bg5
Be6 9. c5 Ne4 10. Be3 Bg7 11. Bd3 Nxc5 12. dxc5 d4 13. Nxd4 Bxd4 14. Qd2 Qa5 15.
Bxd4 Nxd4 16. Ne4 Qxd2+ 17. Kxd2 O-O 18. Rhd1 Bd5 19. f3 a5 20. Nc3 Rad8 21. Ke3
e5 22. Rac1 Bc6 23. Be4 f5 24. Bxc6 bxc6 25. Kf2 Ne6 26. Na4 Nf4 27. Rxd8 Rxd8
28. Rc2 Nd3+ 29. Ke2 Nf4+ 30. Kf2 Kf7 31. a3 Rd4 32. Nb6 Ke6 33. b3 Rd3 34. Rb2
e4 35. fxe4 fxe4 36. Nc4 Kd5 37. Ne3+ Kd4 38. Nf1 e3+ 39. Ke1 e2 40. Nd2 Re3 41.
Nf3+ Rxf3 42. gxf3 Nd3+ 0-1